Fr. Conceicao Rodrigues College of Engineering

Principles of reliable soldering techniques (Record no. 19833)

MARC details
000 -LEADER
fixed length control field 00375nam a2200169Ia 4500
082 ## - DEWEY DECIMAL CLASSIFICATION NUMBER
Classification number 671.5
Item number SEN
100 ## - MAIN ENTRY--PERSONAL NAME
Personal name Sengupta/R
245 ## - TITLE STATEMENT
Title Principles of reliable soldering techniques
260 ## - PUBLICATION, DISTRIBUTION, ETC.
Name of publisher, distributor, etc. New Age Interational Ltd.
Date of publication, distribution, etc. 1997
366 ## - TRADE AVAILABILITY INFORMATION
Publishers's discount category 20
300 ## - PHYSICAL DESCRIPTION
Extent 105
546 ## - LANGUAGE NOTE
Language note ENGLISH
-- TTL
650 ## - SUBJECT ADDED ENTRY--TOPICAL TERM
Topical term or geographic name entry element Soldering
654 ## - SUBJECT ADDED ENTRY--FACETED TOPICAL TERMS
Focus term soldering
942 ## - ADDED ENTRY ELEMENTS (KOHA)
Koha item type BOOK
Holdings
Withdrawn status Lost status Damaged status Not for loan Collection Home library Current library Date acquired Source of acquisition Cost, normal purchase price Inventory number Total Checkouts Full call number Barcode Date last seen Cost, replacement price Price effective from Koha item type Date due Date last checked out
        CRC Fr. Agnel's C.Rodrigues College of Engineering Fr. Agnel's C.Rodrigues College of Engineering 17/03/2023 Professional Book House. 96.00 172 dt 08/11/2010   671.5 SEN 21186 17/03/2023 120.00   BOOK    
        CRC Fr. Agnel's C.Rodrigues College of Engineering Fr. Agnel's C.Rodrigues- College of Engineering 17/03/2023 Professional Book House. 96.00 172 dt 08/11/2010 1 671.5 SEN 21187 12/06/2023 120.00   BOOK 19/05/2016 12/06/2023